书目信息 |
| 题名: |
全国统一安装工程预算工程量计算规则:GYDGZ-201-2000
|
|
| 作者: | 中华人民共和国建设部标准定额司 主编 | |
| 分册: | ||
| 出版信息: | 北京 中国计划出版社 2000.05 |
|
| 页数: | 207页 | |
| 开本: | 32开 | |
| 丛书名: | ||
| 单 册: | ||
| 中图分类: | TU723.3-65 | |
| 科图分类: | ||
| 主题词: | 建筑工程--施工组织 , 建筑工程--施工计划 | |
| 电子资源: | ||
| ISBN: | 7-80058-857-2 | |
| 000 | 00769nam0 2200193 45 | |
| 001 | 0009241774 | |
| 005 | 20160429154943.15 | |
| 010 | @a7-80058-857-2@d26.00元 | |
| 100 | @a20000924d2000 km y0chiy0120 ea | |
| 101 | 0 | @achi |
| 200 | 1 | @a全国统一安装工程预算工程量计算规则:GYDGZ-201-2000@AQuan Guo Tong Yi An Zhuang Gong Cheng Yu Suan Gong Cheng Liang Ji Suan Gui Ze:GYDGZ-201-2000@f中华人民共和国建设部标准定额司主编@FZhong Hua Ren Min Gong He Guo Jian She Bu Biao Zhun Ding E Si Zhu Bian |
| 210 | @a北京@c中国计划出版社@d2000.05 | |
| 215 | @a207页@d32开 | |
| 606 | 0 | @a建筑工程@x施工组织 |
| 606 | 0 | @a建筑工程@x施工计划 |
| 690 | @aTU723.3-65@v3 | |
| 701 | 0 | @a中华人民共和国建设部标准定额司@4主编 |
| 801 | @aCN@bPftUser@c20000924 | |
| 905 | @a安徽大学@dTU723.3-65@eZH:706 | |
| 全国统一安装工程预算工程量计算规则:GYDGZ-201-2000/中华人民共和国建设部标准定额司主编.-北京:中国计划出版社,2000.05 |
| 207页;32开 |
| ISBN 7-80058-857-2:26.00元 |
| ● |
| 相关链接 |
|
|
|
正题名:全国统一安装工程预算工程量计算规则:GYDGZ
索取号:TU723.3-65/ZH:706
 
预约/预借
| 序号 | 登录号 | 条形码 | 馆藏地/架位号 | 状态 | 备注 |
| 1 | 1223077 | 212230771 | 管理学院资料室/ [索取号:TU723.3-65/ZH:706] | 在馆 | |
| 2 | 152968 | 201529685 | 建筑库201/201建筑库 105排9列5层/ [索取号:TU723.3-65/ZH:706] | 在馆 | |
| 3 | 152969 | 201529694 | 建筑库201/201建筑库 105排9列5层/ [索取号:TU723.3-65/ZH:706] | 在馆 | |
| 4 | 152970 | 201529701 | 建筑库201/201建筑库 32排2列3层/ [索取号:TU723.3-65/ZH:706] | 在馆 | |
| 5 | 152971 | 201529710 | 建筑库201/201建筑库 105排9列5层/ [索取号:TU723.3-65/ZH:706] | 在馆 | |
| 6 | 353886 | 203538868 | 建筑库201/201建筑库 105排9列5层/ [索取号:TU723.3-65/ZH:706] | 在馆 | |
| 7 | 353887 | 203538877 | 建筑库201/201建筑库 105排9列5层/ [索取号:TU723.3-65/ZH:706] | 在馆 |